San Francisco (Record no. 15585)
[ view plain ]
| 000 -LEADER | |
|---|---|
| fixed length control field | 03061ngm a22005657a 4500 |
| 006 - FIXED-LENGTH DATA ELEMENTS--ADDITIONAL MATERIAL CHARACTERISTICS--GENERAL INFORMATION | |
| fixed length control field | a|||||s|||||00| 0 |
| 007 - PHYSICAL DESCRIPTION FIXED FIELD--GENERAL INFORMATION | |
| fixed length control field | tz |
| 008 - FIXED-LENGTH DATA ELEMENTS--GENERAL INFORMATION | |
| fixed length control field | 110613s2006 cau|||||s|||| 00| 0 eng d |
| 020 ## - INTERNATIONAL STANDARD BOOK NUMBER | |
| International Standard Book Number | 079074838X |
| 020 ## - INTERNATIONAL STANDARD BOOK NUMBER | |
| International Standard Book Number | 9780790748382 |
| 082 ## - DEWEY DECIMAL CLASSIFICATION NUMBER | |
| Edition number | 22 |
| Classification number | 791.4372 |
| Item number | SAN |
| 245 00 - TITLE STATEMENT | |
| Title | San Francisco |
| Medium | [videorecording] / |
| Statement of responsibility, etc | A Metro-Goldwyn-Mayer Pictures ; W.S. Van Dyke production ; screenplay by Anita Loos ; produced by John Emerson and Bernard H. Hyman. |
| 260 ## - PUBLICATION, DISTRIBUTION, ETC. (IMPRINT) | |
| Place of publication, distribution, etc | Burbank, CA : |
| Name of publisher, distributor, etc | Warner Home Video, c2006. |
| Date of publication, distribution, etc | 2006 |
| 300 ## - PHYSICAL DESCRIPTION | |
| Extent | 1 videodisc (115 min.) : |
| Other physical details | sd., b&w ; |
| Dimensions | 4 3/4 in. |
| 500 ## - GENERAL NOTE | |
| General note | Originally released as a motion picture in 1936 |
| 500 ## - GENERAL NOTE | |
| General note | Special features: Alternate ending sequence; Documentary profile "Clark Gable: tall, dark & handsome", hosted by Liam Neeson; 2 vintage "Fitzpartrick TravelTalk" shorts: "Cavalcade of San Francisco" and "Nigh descends on Treasure Island"; Classic cartoon "Bottles"; Theatrical trailer |
| 500 ## - GENERAL NOTE | |
| General note | Based on a story with the same title by Robert Hopkins |
| 508 ## - CREATION/PRODUCTION CREDITS NOTE | |
| Linkage | Director of photography, Oliver T. Marsh ; film editor, Tom Held ; music director, Herbert Stothart; recording director, Douglas Shearer; director Woody Van Dyke |
| 511 ## - PARTICIPANT OR PERFORMER NOTE | |
| Participant or performer note | Clark Gable, Jeanette MacDonald, Spencer Tracy, Jack Holt, Jessie Ralph, Ted Healy. |
| 520 ## - SUMMARY, ETC. | |
| Summary, etc | Blackie Norton is a gambler with a big heart, and Father Tim Mullin is Blackie's childhood friend. Nob Hill snob Jack Burley, vies with Blackie for the attentions of beauty Mary Blake |
| 521 ## - TARGET AUDIENCE NOTE | |
| Target audience note | Not rated |
| 538 ## - SYSTEM DETAILS NOTE | |
| System details note | DVD; region 1, NTSC; full screen (1.33:1) presentation preserving the aspect ratio of its original theatrical exhibition; Dolby Digital mono., dual-layer. |
| 546 ## - LANGUAGE NOTE | |
| Language note | In English or dubbed French dialogue with optional English, French or Spanish subtitles; closed-captioned. |
| 586 ## - AWARDS NOTE | |
| Awards note | Academy Award for Best Sound Recording , 1936 |
| 650 ## - SUBJECT ADDED ENTRY--TOPICAL TERM | |
| 9 (RLIN) | 25064 |
| Topical term or geographic name as entry element | Gamblers |
| Form subdivision | Drama |
| 650 ## - SUBJECT ADDED ENTRY--TOPICAL TERM | |
| 9 (RLIN) | 25065 |
| Topical term or geographic name as entry element | Man-woman relationships |
| Form subdivision | Drama |
| 653 ## - INDEX TERM--UNCONTROLLED | |
| Arrived date list | June2011 |
| 655 ## - INDEX TERM--GENRE/FORM | |
| Genre/form data or focus term | Feature films |
| 655 ## - INDEX TERM--GENRE/FORM | |
| Genre/form data or focus term | Romance drama |
| 655 ## - INDEX TERM--GENRE/FORM | |
| Genre/form data or focus term | Musical films |
| 700 ## - ADDED ENTRY--PERSONAL NAME | |
| 9 (RLIN) | 25066 |
| Personal name | Van Dyke, W. S. |
| Relator term | pro |
| -- | drt |
| 700 ## - ADDED ENTRY--PERSONAL NAME | |
| 9 (RLIN) | 25067 |
| Personal name | Loos, Anita |
| Dates associated with a name | 1893-1981 |
| Relator term | aus |
| 700 ## - ADDED ENTRY--PERSONAL NAME | |
| 9 (RLIN) | 25068 |
| Personal name | Emerson, John |
| Dates associated with a name | 1874-1956 |
| Relator term | pro |
| 700 ## - ADDED ENTRY--PERSONAL NAME | |
| 9 (RLIN) | 25069 |
| Personal name | Hyman, Bernard H. |
| Dates associated with a name | 1895-1942 |
| Relator term | pro |
| 700 ## - ADDED ENTRY--PERSONAL NAME | |
| 9 (RLIN) | 25070 |
| Personal name | Gable, Clark |
| Dates associated with a name | 1901-1960 |
| Relator term | act |
| 700 ## - ADDED ENTRY--PERSONAL NAME | |
| 9 (RLIN) | 25071 |
| Personal name | MacDonald, Jeanette |
| Dates associated with a name | 1903-1965 |
| Relator term | act |
| 700 ## - ADDED ENTRY--PERSONAL NAME | |
| 9 (RLIN) | 25072 |
| Personal name | Tracy, Spencer |
| Dates associated with a name | 1900-1967 |
| Relator term | act |
| 700 ## - ADDED ENTRY--PERSONAL NAME | |
| 9 (RLIN) | 25073 |
| Personal name | Holt, Jack |
| Dates associated with a name | 1888-1951 |
| Relator term | act |
| 700 ## - ADDED ENTRY--PERSONAL NAME | |
| 9 (RLIN) | 25074 |
| Personal name | Ralph, Jessie |
| Relator term | act |
| 700 ## - ADDED ENTRY--PERSONAL NAME | |
| 9 (RLIN) | 25075 |
| Personal name | Healy, Ted |
| Dates associated with a name | 1896-1937 |
| Relator term | act |
| 700 ## - ADDED ENTRY--PERSONAL NAME | |
| 9 (RLIN) | 25076 |
| Personal name | Stothart, Herbert |
| Dates associated with a name | 1885-1949 |
| Relator term | msd |
| 700 ## - ADDED ENTRY--PERSONAL NAME | |
| 9 (RLIN) | 25077 |
| Personal name | Shearer, Douglas |
| Dates associated with a name | 1899-1971 |
| Relator term | sds |
| 700 ## - ADDED ENTRY--PERSONAL NAME | |
| 9 (RLIN) | 25078 |
| Personal name | Hopkins, Robert |
| Dates associated with a name | 1886-1966 |
| Title of a work | San Francisco |
| 700 ## - ADDED ENTRY--PERSONAL NAME | |
| 9 (RLIN) | 25079 |
| Personal name | Marsh, Oliver T. |
| Dates associated with a name | 1893-1941 |
| Relator term | cng |
| 700 ## - ADDED ENTRY--PERSONAL NAME | |
| 9 (RLIN) | 25080 |
| Personal name | Held, Tom |
| Dates associated with a name | 1889-1962 |
| Relator term | flm |
| 710 ## - ADDED ENTRY--CORPORATE NAME | |
| 9 (RLIN) | 25081 |
| Corporate name or jurisdiction name as entry element | Metro-Goldwyn-Mayer |
| 710 ## - ADDED ENTRY--CORPORATE NAME | |
| 9 (RLIN) | 25082 |
| Corporate name or jurisdiction name as entry element | Warner Home Video (Firm) |
| 710 ## - ADDED ENTRY--CORPORATE NAME | |
| 9 (RLIN) | 25083 |
| Corporate name or jurisdiction name as entry element | Turner Entertainment Co. |
| 942 ## - ADDED ENTRY ELEMENTS (KOHA) | |
| Source of classification or shelving scheme | Dewey Decimal Classification |
| Item type | CD | DVD - Movie (NB) |
| Withdrawn status | Lost status | Source of classification or shelving scheme | Damaged status | Not for loan | Koha collection | Location (home branch) | Sublocation or collection (holding branch) | Shelving location | Date acquired | Source of acquisition | Cost, normal purchase price | Invoice Number | Koha issues (times borrowed) | Koha full call number | Piece designation (barcode) | Koha date last seen | Price effective from | Koha item type |
|---|---|---|---|---|---|---|---|---|---|---|---|---|---|---|---|---|---|---|
| Dewey Decimal Classification | Baccah | Central Library | Central Library | Second Floor | 13/06/2011 | Purchase | 190.00 | 12344 | 791.4372 SAN | 000024127 | 24/08/2022 | 13/06/2011 | CD | DVD - Movie (NB) |